|
|
|
|
| LEADER |
00000nam0a2200000 4500 |
| 001 |
277860 |
| 005 |
20231220101637.0 |
| 010 |
|
|
|a 9785438704836
|
| 035 |
|
|
|a (RuTPU)RU\TPU\book\301137
|
| 090 |
|
|
|a 277860
|
| 100 |
|
|
|a 20141206d2014 k y0rusy50 ca
|
| 101 |
0 |
|
|a rus
|
| 102 |
|
|
|a RU
|
| 105 |
|
|
|a y z 001zy
|
| 200 |
1 |
|
|a Интеллектуализация инновационной экономики и формирование непрерывного благополучия в России
|e монография
|f Э. А. Гасанов, М. А. Гасанов
|g Национальный исследовательский Томский политехнический университет (ТПУ) ; Хабаровская государственная академия экономики и права (ХГАЭиП)
|
| 210 |
|
|
|a Томск
|c Изд-во ТПУ
|d 2014
|
| 215 |
|
|
|a 264 с.
|
| 320 |
|
|
|a Библиогр.: с. 244-259.
|
| 330 |
|
|
|a В монографии исследуются теоретико-методологические аспекты интеллектуализации инновационной экономики, ее принципы и механизмы. Анализируются потенциал, проблемы и перспективы развития конвергентных технологий, развертывающиеся на интеграции передовых, авангардных направлениях НТП. Рассматриваются проблемы воздействия процесса интеллектуализации технологических систем, их глобальная диффузия на формирование, социализацию новых сетевых структур и экономики благополучия. Особое внимание уделяется анализу современных трендов развития технологических платформ, структурных сдвигов, их движущих сил в виде устойчивых социальных групп. Изучаются проблемы дезинтеграции и социализации прав собственности и формирования новых механизмов реализации интеллектуальной собственности в социально ориентированной инновационной экономике.
|
| 452 |
|
1 |
|0 (RuTPU)RU\TPU\book\302671
|t Интеллектуализация инновационной экономики и формирование непрерывного благополучия в России
|o монография
|f Э. А. Гасанов, М. А. Гасанов
|g Национальный исследовательский Томский политехнический университет (ТПУ), Институт социально-гуманитарных технологий (ИСГТ), Кафедра экономики (ЭКОН) ; Хабаровская государственная академия экономики и права (ХГАЭиП)
|c Томск
|n Изд-во ТПУ
|d 2014
|a Гасанов, Эйваз Алиевич
|
| 606 |
1 |
|
|a Инновационная экономика
|2 stltpush
|3 (RuTPU)RU\TPU\subj\67863
|9 83511
|
| 606 |
1 |
|
|a Уровень жизни
|y Россия
|y СССР
|x Экономика
|2 stltpush
|3 (RuTPU)RU\TPU\subj\37180
|
| 610 |
1 |
|
|a интеллектуализация
|
| 610 |
1 |
|
|a благополучие
|
| 610 |
1 |
|
|a благосостояние
|
| 610 |
1 |
|
|a Россия
|
| 610 |
1 |
|
|a труды учёных ТПУ
|
| 610 |
1 |
|
|a монографии
|
| 610 |
1 |
|
|a наукоемкие предприятия
|
| 610 |
1 |
|
|a технополисы
|
| 610 |
1 |
|
|a технопарки
|
| 610 |
1 |
|
|a интеллектуальные комплексы
|
| 610 |
1 |
|
|a интеллектуальные кластеры
|
| 610 |
1 |
|
|a социальное благополучие
|
| 686 |
|
|
|a У9(2)0-551
|2 rubbk
|
| 686 |
|
|
|a У9(2)0-94
|2 rubbk
|
| 700 |
|
1 |
|a Гасанов
|b Э. А.
|g Эйваз Алиевич
|
| 701 |
|
1 |
|a Гасанов
|b М. А.
|c экономист
|c профессор Томского политехнического университета, доктор экономических наук
|f 1963-
|g Магеррам Али оглы
|3 (RuTPU)RU\TPU\pers\28713
|9 13510
|
| 712 |
0 |
2 |
|a Национальный исследовательский Томский политехнический университет (ТПУ)
|c (2009- )
|3 (RuTPU)RU\TPU\col\15902
|
| 712 |
0 |
2 |
|a Хабаровская государственная академия экономики и права (ХГАЭиП)
|c (1994- )
|3 (RuTPU)RU\TPU\col\13843
|
| 801 |
|
1 |
|a RU
|b 63413507
|c 20141206
|
| 801 |
|
2 |
|a RU
|b 63413507
|c 20150624
|g RCR
|
| 942 |
|
|
|c BK
|